[Event "Timbues op"]
[Site "Timbues"]
[Date "2019.11.18"]
[Round "6"]
[White "Sorin, Ariel"]
[Black "Ibarra, Juan Martin"]
[Result "1-0"]
[WhiteElo "2401"]
[BlackElo "2021"]
[PlyCount "87"]
[EventDate "2019.11.15"]
[EventType "swiss"]
[EventRounds "7"]
[EventCountry "ARG"]
[SourceTitle "CBM 193 Extra"]
[Source "ChessBase"]
[SourceDate "2020.01.31"]
[SourceVersion "1"]
[SourceVersionDate "2020.01.31"]
[SourceQuality "1"]

1. d4 d5 2. c4 e6 3. Nc3 Nf6 4. Bg5 Be7 5. e3 h6 6. Bh4 0-0 7. Rc1 Nbd7 8. Nf3 c5 9. cxd5 Nxd5 10. Bxe7 Nxe7 11. Be2 b6 12. 0-0 Bb7 13. Qa4 cxd4 14. exd4 Nd5 15. Nxd5 Bxd5 16. Rc3 Rc8 17. Rfc1 Rxc3 18. Rxc3 a5 19. a3 Nf6 20. Rc1 Qd6 21. Ne5 Rd8 22. Bf3 Bxf3 23. Nxf3 Qf4 24. Qc2 Nd5 25. h3 b5 26. Qc5 g5 27. Rc2 Qf5 28. Rd2 g4 29. hxg4 Qxg4 30. Ne5 Qg5 31. Rc2 b4 32. Qa7 Rf8 33. Rc8 Qf5 34. Rc1 bxa3 35. bxa3 Qg5 36. Rc8 Ne7 37. Rc7 Re8 38. Nf3 Qf6 39. Qxa5 Nd5 40. Rc1 Nf4 41. Qb5 Ra8 42. Rc3 Qg6 43. Nh4 Qg4 44. g3 1-0

[Event "Buenos Aires Szmetan Giardelli op"]
[Site "Buenos Aires"]
[Date "2018.12.12"]
[Round "9"]
[White "Sorin, Ariel"]
[Black "Hungaski, Robert Andrew"]
[Result "1-0"]
[WhiteElo "2380"]
[BlackElo "2528"]
[PlyCount "93"]
[EventDate "2018.12.04"]
[EventType "swiss"]
[EventRounds "9"]
[EventCountry "ARG"]
[SourceTitle "EXT 2024"]
[Source "ChessBase"]
[SourceDate "2023.10.10"]
[SourceVersion "1"]
[SourceVersionDate "2023.10.10"]
[SourceQuality "1"]

1. d4 d5 2. c4 dxc4 3. e4 b5 4. a4 c6 5. axb5 cxb5 6. Nc3 a6 7. Nxb5 axb5 8. Rxa8 Bb7 9. Ra1 e6 10. f3 f5 11. Ra7 Qb6 12. Rxb7 Qxb7 13. exf5 Bb4+ 14. Kf2 Ne7 15. b3 Nxf5 16. bxc4 Nd7 17. Bb2 bxc4 18. Bxc4 e5 19. Ne2 e4 20. Qb3 e3+ 21. Kf1 Qb8 22. Be6 Nd6 23. Qxe3 Rf8 24. Kf2 Bd2 25. Qb3 Ne4+ 26. Kf1 Qxb3 27. Bxb3 Bb4 28. Bc2 Ndf6 29. Nf4 Nd2+ 30. Ke2 Nc4 31. Bc1 Kd7 32. Bf5+ Kc6 33. Kd3 Nd6 34. Bh3 Nd5 35. Ne6 Ra8 36. Bb2 Ra2 37. Rb1 g6 38. Kc2 Ra8 39. Rc1 Kb5 40. Kb3 Ra7 41. g3 Kb6 42. f4 Bd2 43. Rc2 Ba5 44. Ba3 Ne4 45. Bc5+ Nxc5+ 46. dxc5+ Kc6 47. Nd4+ 1-0

[Event "ARG-ch Seniors 50/65"]
[Site "Torre Blanca"]
[Date "2018.10.23"]
[Round "7"]
[White "Sorin, Ariel"]
[Black "Mussanti, Diego"]
[Result "1/2-1/2"]
[WhiteElo "2387"]
[BlackElo "2325"]
[PlyCount "43"]
[EventDate "2018.10.19"]
[EventType "swiss"]
[EventRounds "7"]
[EventCountry "ARG"]
[SourceTitle "CBM 187 Extra"]
[Source "ChessBase"]
[SourceDate "2018.11.04"]
[SourceVersion "1"]
[SourceVersionDate "2018.11.04"]
[SourceQuality "1"]

1. d4 d5 2. c4 dxc4 3. e4 e5 4. Nf3 Bb4+ 5. Bd2 Bxd2+ 6. Qxd2 exd4 7. Nxd4 Ne7 8. Bxc4 a6 9. Nc3 c5 10. Nb3 Qxd2+ 11. Kxd2 Nd7 12. a4 b6 13. f4 Bb7 14. Rhe1 Rd8 15. Kc2 Nc6 16. Rad1 Nb4+ 17. Kb1 Ke7 18. e5 Nb8 19. g3 Bf3 20. Rxd8 Rxd8 21. f5 N8c6 22. f6+ 1/2-1/2

[Event "ARG-chT"]
[Site "Villa Martelli"]
[Date "2018.09.01"]
[Round "9.1"]
[White "Bulcourf, Carlos"]
[Black "Sorin, Ariel"]
[Result "0-1"]
[WhiteElo "1987"]
[BlackElo "2399"]
[PlyCount "51"]
[EventDate "2018.07.07"]
[EventType "team-swiss"]
[EventRounds "9"]
[EventCountry "ARG"]
[SourceTitle "CBM 187 Extra"]
[Source "ChessBase"]
[SourceDate "2018.11.04"]
[SourceVersion "1"]
[SourceVersionDate "2018.11.04"]
[SourceQuality "1"]
[WhiteTeam "San Isidro"]
[BlackTeam "Torre Blanca"]
[WhiteTeamCountry "ARG"]
[BlackTeamCountry "ARG"]

1. Nf3 Nf6 2. b4 e6 3. Ba3 d5 4. e3 Bd6 5. c4 c6 6. b5 c5 7. Bb2 Nbd7 8. a4 0-0 9. Na3 b6 10. Be2 e5 11. cxd5 e4 12. Ng5 Be5 13. Qc2 Bxb2 14. Qxb2 h6 15. Nh3 Nxd5 16. Nc4 N7f6 17. 0-0 Bxh3 18. gxh3 Qd7 19. Kg2 Rfe8 20. f4 exf3+ 21. Rxf3 Rad8 22. Raf1 Qe6 23. Rf5 Qe4+ 24. Kg1 Re6 25. d3 Qh4 26. e4 0-1